000 00296pam a2200133 a 4500
020 _c
041 _aeng
082 _a612
_bBAB
100 _aBabsky , E .
245 _aHuman Physiology Vol I
_hTextual Documents
260 _aMoscow:
_bMIR publisher,
_c1975.
300 _a410p.
930 _a18030
999 _c94930
_d94930